<?xml version="1.0" encoding="UTF-8"?>
<record
    xmlns:xsi="http://www.w3.org/2001/XMLSchema-instance"
    xsi:schemaLocation="http://www.loc.gov/MARC21/slim http://www.loc.gov/standards/marcxml/schema/MARC21slim.xsd"
    xmlns="http://www.loc.gov/MARC21/slim">

  <leader>02074nam a2200301 a 4500</leader>
  <controlfield tag="001">000030199</controlfield>
  <controlfield tag="003">DO-SdBPM</controlfield>
  <controlfield tag="005">20250922104257.0</controlfield>
  <controlfield tag="007">ta</controlfield>
  <controlfield tag="008">110504s2009    dr a      000 0 spa d</controlfield>
  <datafield tag="040" ind1=" " ind2=" ">
    <subfield code="a">DO-SdBPM</subfield>
    <subfield code="b">spa</subfield>
    <subfield code="c">BPMSU</subfield>
    <subfield code="d">rda</subfield>
  </datafield>
  <datafield tag="049" ind1=" " ind2=" ">
    <subfield code="a"> </subfield>
  </datafield>
  <datafield tag="082" ind1=" " ind2="4">
    <subfield code="a">R338.7</subfield>
    <subfield code="b">R426d 2009</subfield>
    <subfield code="2">22</subfield>
  </datafield>
  <datafield tag="100" ind1=" " ind2=" ">
    <subfield code="4"> </subfield>
  </datafield>
  <datafield tag="110" ind1="1" ind2=" ">
    <subfield code="a">Rep&#xFA;blica Dominicana. </subfield>
    <subfield code="b">Oficina Nacional de Estad&#xED;stica</subfield>
  </datafield>
  <datafield tag="245" ind1="0" ind2="0">
    <subfield code="a">Directorio de empresas 2009 /</subfield>
    <subfield code="c">presentaci&#xF3;n Pablo Tactuk </subfield>
  </datafield>
  <datafield tag="264" ind1=" " ind2=" ">
    <subfield code="a">Santo Domingo :</subfield>
    <subfield code="b">ONE,</subfield>
    <subfield code="c">2009.</subfield>
  </datafield>
  <datafield tag="300" ind1=" " ind2=" ">
    <subfield code="a">70 p&#xE1;ginas </subfield>
    <subfield code="b">ilustraciones, gr&#xE1;ficos, tablas ;</subfield>
    <subfield code="c">28 cm.</subfield>
  </datafield>
  <datafield tag="336" ind1=" " ind2=" ">
    <subfield code="a">texto</subfield>
    <subfield code="b">txt</subfield>
    <subfield code="2">rdacontent</subfield>
  </datafield>
  <datafield tag="337" ind1=" " ind2=" ">
    <subfield code="a">sin mediaci&#xF3;n</subfield>
    <subfield code="b">n</subfield>
    <subfield code="2">rdamedia</subfield>
  </datafield>
  <datafield tag="338" ind1=" " ind2=" ">
    <subfield code="a">volumen</subfield>
    <subfield code="b">nc</subfield>
    <subfield code="2">rdacarrier</subfield>
  </datafield>
  <datafield tag="505" ind1="0" ind2=" ">
    <subfield code="a">Presentaci&#xF3;n 7 -- Resultados 19 -- Distribuci&#xF3;n de empresas registradas seg&#xFA;n secci&#xF3;n y divisi&#xF3;n de actividad. econ&#xF3;mica al a&#xF1;o 2009 24 -- Distribuci&#xF3;n de empresas registradas, seg&#xFA;n provincia y municipio al a&#xF1;o 2009 26 -- Total de empresas registradas por rango de ocupados, seg&#xFA;n secci&#xF3;n de actividad econ&#xF3;mica al a&#xF1;o 2009 30 -- Total de empresas registradas por provincia, seg&#xFA;n secci&#xF3;n y divisi&#xF3;n de actividad econ&#xF3;mica al a&#xF1;o 2009 32 -- Total de empresas registradas por tama&#xF1;o en funci&#xF3;n de ocupados,  seg&#xFA;n provincia en la Rep&#xFA;blica Dominicana al a&#xF1;o 2009 46 --  Total de empresas registradas en industria manufacturera por rango de ocupaci&#xF3;n , seg&#xFA;n divici&#xF3;n, grupo y clase de actividad econ&#xF3;mica al a&#xF1;o 2009 47 -- Total de empresas de zona franca registradas, seg&#xFA;n  provincia  al a&#xF1;o 2009 55 -- Total de empresas registradas por municipio,  seg&#xFA;n secci&#xF3;n de actividad econ&#xF3;mica en la provincia de Santiago al a&#xF1;o 2009 56 -- Total de empresas registradas por municipio,  seg&#xFA;n secci&#xF3;n de actividad econ&#xF3;mica en la provincia de Santo Domingo al a&#xF1;o  2009 57 -- Anexos.</subfield>
  </datafield>
  <datafield tag="590" ind1=" " ind2=" ">
    <subfield code="a">Invetariados, 2025/VM</subfield>
  </datafield>
  <datafield tag="650" ind1=" " ind2="7">
    <subfield code="a">Empresas</subfield>
    <subfield code="z">Rep&#xFA;blica Dominicana </subfield>
    <subfield code="v">Directorios</subfield>
  </datafield>
  <datafield tag="650" ind1=" " ind2="7">
    <subfield code="a">Manufacturas </subfield>
    <subfield code="z">Rep&#xFA;blica Dominicana </subfield>
    <subfield code="v">Directorios</subfield>
  </datafield>
  <datafield tag="910" ind1=" " ind2=" ">
    <subfield code="a">VMateo V. Control de calidad. BPMSU </subfield>
  </datafield>
  <datafield tag="942" ind1=" " ind2=" ">
    <subfield code="2">ddc</subfield>
    <subfield code="c">BK</subfield>
  </datafield>
  <datafield tag="952" ind1=" " ind2=" ">
    <subfield code="0">0</subfield>
    <subfield code="1">0</subfield>
    <subfield code="2">ddc</subfield>
    <subfield code="7">0</subfield>
    <subfield code="8">CD</subfield>
    <subfield code="a">BPMET</subfield>
    <subfield code="b">BPMET</subfield>
    <subfield code="d">2025-09-22</subfield>
    <subfield code="l">0</subfield>
    <subfield code="o">BPMSU CDR R338.7 R426d 2009</subfield>
    <subfield code="p">BPMSU25090116</subfield>
    <subfield code="r">2025-09-22</subfield>
    <subfield code="w">2025-09-22</subfield>
    <subfield code="y">BK</subfield>
  </datafield>
  <datafield tag="952" ind1=" " ind2=" ">
    <subfield code="0">0</subfield>
    <subfield code="1">0</subfield>
    <subfield code="2">ddc</subfield>
    <subfield code="7">0</subfield>
    <subfield code="8">CD</subfield>
    <subfield code="a">BPMET</subfield>
    <subfield code="b">BPMET</subfield>
    <subfield code="d">2025-09-22</subfield>
    <subfield code="l">0</subfield>
    <subfield code="o">BPMSU CDR R338.7 R426d 2009</subfield>
    <subfield code="p">BPMSU25090117</subfield>
    <subfield code="r">2025-09-22</subfield>
    <subfield code="t">e.2</subfield>
    <subfield code="w">2025-09-22</subfield>
    <subfield code="y">BK</subfield>
  </datafield>
  <datafield tag="952" ind1=" " ind2=" ">
    <subfield code="0">0</subfield>
    <subfield code="1">0</subfield>
    <subfield code="2">ddc</subfield>
    <subfield code="7">0</subfield>
    <subfield code="8">CD</subfield>
    <subfield code="a">BPMET</subfield>
    <subfield code="b">BPMET</subfield>
    <subfield code="d">2025-09-22</subfield>
    <subfield code="l">0</subfield>
    <subfield code="o">BPMSU CDR R338.7 R426d 2009</subfield>
    <subfield code="p">BPMSU25090118</subfield>
    <subfield code="r">2025-09-22</subfield>
    <subfield code="t">e.3</subfield>
    <subfield code="w">2025-09-22</subfield>
    <subfield code="y">BK</subfield>
  </datafield>
  <datafield tag="999" ind1=" " ind2=" ">
    <subfield code="c">15418</subfield>
    <subfield code="d">15418</subfield>
  </datafield>
</record>
